00734nam a22003017a 4500003000400000005001700004008004100021020001500062050002600077082002600103245010900129260005100238300002000289521002100309526001600330541000600346541000600352541000600358541000600364541000600370541001800376541000600394541000600400541000600406541000600412541000700418562000700425OSt20140310182920.0130129t xxu||||| |||| 00| 0 eng d a9719222123 aLB2822.84b.T161 2007 aFIL371.2006bIn7 2007 aInstitutional productivity & school quality through key result areas and rubricscTan, Genevieve Ledesma aLas Pinas City : bActum Publications, c2001. a252 p. c28 cm. acollege students c1210L-1700L j1 j2 j3 j4 j5 j1,2,3,4,5,6,7 j6 j7 j8 j9 j10 e10